000 00905nam0a22002531 4500
001 rc\4998464
005 20260408002600.0
021 _aRU
_bРг1473-64
035 _a(NLR Aleph) 008975372
090 _a9151359
_c9151359
100 _a20130430d1964 |||y0rusy50 ca
101 0 _arus
102 _aRU
105 _aa b |||||
200 1 _aТрансформатор понижающий однофазный ТПБ-50
_e[Каталог]
210 _aМосква
_cБ. и.
_d[1964]
215 _a3 с.
_cчерт.
_d29
225 1 _aЦИНТИЭлектропром
_fБелорус. совнархоз. Завод "Электроизделия", г. Лида
_v03.05.07-64
712 0 2 _a"Электроизделия", завод
_cЛида
_3RU\NLR\AUTH\8810167038
_9829972
801 0 _aRU
_bNLR
_gpsbo
801 1 _aRU
_bELAR
_2rusmarc
852 _aNLR
_jПт 20/1-03.05.07-64
942 _cBOOK
980 _aNB